000 00903nam a22002777a 4500
005 20250401110921.0
008 250401b |||||||| |||| 00| 0 eng d
020 _a978-1-032-4956-2 (pbk)
037 _cTB
040 _aAL
_cAL
041 _2eng
_aeng
084 _aP:(Y):f R4
_qAL
100 _aHeller, Monica
_9751654
245 _aCritical sociolinguistic research methods:
_bStudying language issues that matter
250 _a2nd Ed
260 _aNew York, USA:
_bRoutledge,
_c2024
300 _aix, 225p.
365 _b39.99
_cUKP
650 _aSocial
_9751655
650 _aLinguistics
650 _aResearch Method
_9751656
700 _aPietikainen, Sari (Author)
_9751657
700 _aPujolar, Joan
_9751658
942 _2CC
_cTB
_e2nd Ed.
_hP:(Y):f R4
_n0
999 _c1308314
_d1308314